000 00557nam a2200181 i 4500
001 89974
003 ES-MaACL
005 20230906180320.0
007 t|
008 050117s1971 sp ||||1| spa d
100 1 _aLe Du, Jean.
_970869
245 1 0 _aTransgresión y reconciliación en la vida de los jóvenes /
_cJ. Le Du y P. Guerin ; [traducción por Juan Caravaca].
260 _aMadrid :
_bMarova,
_c[1971]
300 _a133 p. ;
_c21 cm.
700 1 _aCaravaca, Juan.
_934973
700 1 _aGuerin, P.
_960468
852 _aES-MaACL
_jC-47390
_bR.79638
999 _c89974
_d89974